书目信息 |
| 题名: |
卢梭全集
|
|
| 作者: | 卢梭 著 ;李平沤 , 何三雅 译 | |
| 分册: | 第8卷 新爱洛伊丝 | |
| 出版信息: | 北京 商务印书馆 2012.06 |
|
| 页数: | 23,483页 | |
| 开本: | 24cm | |
| 丛书名: | ||
| 单 册: | ||
| 中图分类: | B565.26-52 , I565.44 | |
| 科图分类: | ||
| 主题词: | 书信体小说--法国--近代 , 长篇小说--法国--近代 , 书信体小说 , 长篇小说 | |
| 电子资源: | ||
| ISBN: | 978-7-100-09160-2 | |
| 000 | 01126nam0 2200337 450 | |
| 001 | 005992529 | |
| 005 | 20130426102748.92 | |
| 010 | @a978-7-100-09160-2@b精装@dCNY118.00 | |
| 100 | @a20120821d2012 em y0chiy0110 ea | |
| 101 | 1 | @achi@cfre |
| 102 | @aCN@b110000 | |
| 105 | @ay z 000ay | |
| 106 | @ar | |
| 200 | 1 | @a卢梭全集@9lu suo quan ji@h第8卷@i新爱洛伊丝@h上@f李平沤,何三雅译 |
| 210 | @a北京@c商务印书馆@d2012.06 | |
| 215 | @a23,483页@d24cm | |
| 305 | @a据弗拉玛尼翁出版社1967年版译出 | |
| 330 | @a本书内容包括:致朱莉;朱莉的第一封急信;复信;朱莉的第二封急信;朱莉的第三封急信等。 | |
| 600 | 0 | @a卢梭@c(Rousseau, Jean Jacques@f1712-1778)@j全集 |
| 600 | 0 | @a卢梭@c(Rousseau, Jean Jacques@f1712-1778) |
| 606 | 0 | @a书信体小说@y法国@z近代 |
| 606 | 0 | @a长篇小说@y法国@z近代 |
| 606 | 0 | @a书信体小说 |
| 606 | 0 | @a长篇小说 |
| 690 | @aB565.26-52@v5 | |
| 690 | @aI565.44@v5 | |
| 701 | 0 | @c(法)@a卢梭@9lu suo@c(Rousseau, Jean-Jacques@f1712~1778)@4著 |
| 702 | 0 | @a李平沤@9li ping ou@4译 |
| 702 | 0 | @a何三雅@9he san ya@4译 |
| 801 | 0 | @aCN@bNLC@c20121102 |
| 905 | @b542297-99@dB565.26-52@e60:8@f3 | |
| 卢梭全集.第8卷.新爱洛伊丝.上/李平沤,何三雅译.-北京:商务印书馆,2012.06 |
| 23,483页;24cm |
| ISBN 978-7-100-09160-2(精装):CNY118.00 |
| 本书内容包括:致朱莉;朱莉的第一封急信;复信;朱莉的第二封急信;朱莉的第三封急信等。 |
| ● |
| 相关链接 |
|
|
|
|
正题名:卢梭全集
索取号:B565.26-52/60:8
 
预约/预借
| 序号 | 登录号 | 条形码 | 馆藏地/架位号 | 状态 | 备注 |
| 1 | 542297 | 205422979 | 第一样本阅览室/ [索取号:B565.26-52/60:8] | 在馆 | |
| 2 | 542298 | 205422988 | 第一借阅区/ [索取号:B565.26-52/60:8] | 在馆 | |
| 3 | 542299 | 205422997 | 第一借阅区/ [索取号:B565.26-52/60:8] | 在馆 |